| 000 | 00444nam a2200181Ia 4500 | ||
|---|---|---|---|
| 001 | 3204 | ||
| 005 | 20260306144903.0 | ||
| 008 | 260306t1991||||xx |||||||||||||| ||spa|| | ||
| 041 | _aESP | ||
| 082 |
_a261.83 _bV32 |
||
| 100 |
_aVargas Ruiz de Somocurcio, Fernando _eAUT |
||
| 245 | 0 | _aCaminos de reconciliación social | |
| 260 | _c1991 | ||
| 300 |
_a110 páginas : _c18 cm. |
||
| 650 | _aGEN | ||
| 654 | _aCHU | ||
| 942 |
_cLIB _dJUS _fJUS _2ddc _n |
||
| 999 |
_c3204 _d3204 |
||